| 000 | 01456nam a2200253Ia 4500 | ||
|---|---|---|---|
| 003 | Ost | ||
| 005 | 20260507075200.0 | ||
| 008 | 260507s9999||||xx |||||||||||||| ||und|| | ||
| 020 | _a64572499579 | ||
| 040 | _cfsecg | ||
| 041 | _aara | ||
| 082 | _a330 | ||
| 100 |
_aجمعة، احمد حلمي _eمؤلف |
||
| 245 | 0 |
_aالمحاسبة عن الاضرابات العمالية / _c احمد حلمي جمعة |
|
| 260 |
_aعمان: _bدار صفاء, _c2009 |
||
| 300 |
_a288 صفحة؛ _c24 سم |
||
| 490 |
_aالكتب التعليمية _v5 |
||
| 504 | _aمراجع ص.261 | ||
| 520 | _aأهمية المحاسبة عن تكاليف و منافع الاضرابات العمالية في الوحدات الاقتصادية ، الاتجاهات المحاسبية السابقة في مجال الاضرابات العمالية في الوحدات الاقتصادية ، المشاكل المحاسبية لقياس و التقرر عن تكاليف و منافع هذه الاضرابات ، إستخدام الأساليب الكمية في القياس المحاسبي و منافع هذه الاضرابات ، الآثار المتوقعة لقياس تكاليف و منافع الااضرابات العمالية على التقارير المحاسبية في الوحدات الاقتصادية . | ||
| 653 | _aالإضرابات | ||
| 653 | _aالعمل و العمال | ||
| 653 | _aالمحاسبة | ||
| 942 | _cكتاب | ||
| 999 |
_c43396 _d43396 |
||